| 000 | 00919nam a2200265Ia 4500 | ||
|---|---|---|---|
| 001 | 9724 | ||
| 003 | GE_BSU | ||
| 008 | 181216s||||||||xx |||||||||||||| ||und|| | ||
| 010 | _a9992803127 | ||
| 040 | _cGE_BSU | ||
| 080 | _a821.353.1-82 | ||
| 100 | _aნინუა,რატი | ||
| 245 | _aსინდბად მეზღვაური | ||
| 245 | _bლექსები,მინიატურები,წერილები,მოგონებები. | ||
| 245 | _cრედ:რატი ამაღლობელი | ||
| 260 | _aთბილისი. | ||
| 260 | _b? | ||
| 260 | _c2004 | ||
| 300 | _a312გვ;16სმ | ||
| 300 | _b1ფ.პორტრ. | ||
| 541 | _h5ლ. | ||
| 653 | _aლექსები,მინიატურები,წერილები,მოგონებები | ||
| 653 | _aსინდბად მეზღვაური | ||
| 942 | _cBK | ||
| 999 |
_c43006 _d43006 |
||